LEADER 01534nam0 22002651i 450 001 UON00409929 005 20231205104736.52 100 $a20120530f |0itac50 ba 101 $aara 102 $aLY 105 $a|||| 1|||| 200 1 $aKitab mukhtasar al-khisal$fAbu Ishaq Ibrahim 210 $aManoscritto 215 $aFrammento di un ms. cartaceo completamente corroso dall'umidità$dcompaiono i nomi di 'Ayad bin Qirat e di Sha'iban bu 'Ashur, proprietari di manoscritti ibaditi, che ne fanno presupporre il contenuto ibadita 330 $aParte di un gruppo di 8 manoscritti ibaditi rinvenuti dal prof. Brguinot nell'archivio della sede del mutasarrif turco di Jefren in Tripolitania. Nello stesso anno il giornalista Giuliano Bonacci, inviato speciale del Corriere della Sera rintracciava altri mmss. ibaditi nella stessa zona del Gebel Nefusa. Donati tutti all'Orientale dal Ministero delle Colonie nel 1913 ca., su richiesta del prof. Francesco Beguinot. 606 $aDIRITTO IBADITA$3UONC018944$2FI 606 $aMANOSCRITTI IBADITI$3UONC086363$2FI 686 $aMS ARA$cManoscritti arabi$2A 700 0$aABU ISHAQ IBRAHIM b. Qais$3UONV209776$0708839 801 $aIT$bSOL$c20240220$gRICA 899 $aSIBA - SISTEMA BIBLIOTECARIO DI ATENEO$2UONSI 912 $aUON00409929 950 $aSIBA - SISTEMA BIBLIOTECARIO DI ATENEO$dSI MS ARA 259 IBA $eSI SA 122667 7 259 IBA 996 $aKitab mukhtasar al-khisal$91341277 997 $aUNIOR LEADER 02534nam0 22005533i 450 001 VAN0278217 005 20240730042500.670 017 70$2N$a9783030966669 100 $a20240618d2022 |0itac50 ba 101 $aeng 102 $aCH 105 $a|||| ||||| 200 1 $aTopics in Global Real Analytic Geometry$fFrancesca Acquistapace, Fabrizio Broglia, José F. Fernando 210 $aCham$cSpringer$d2022 215 $axvii, 273 p.$cill.$d24 cm 410 1$1001VAN0030486$12001 $aSpringer monographs in mathematics$1210 $aBerlin [etc.]$cSpringer$d1989- 606 $a14-XX$xAlgebraic geometry [MSC 2020]$3VANC019702$2MF 606 $a14Pxx$xReal algebraic and real-analytic geometry [MSC 2020]$3VANC019929$2MF 606 $a32-XX$xSeveral complex variables and analytic spaces [MSC 2020]$3VANC024999$2MF 606 $a32C05$xReal-analytic manifolds, real-analytic spaces [MSC 2020]$3VANC024462$2MF 606 $a32C20$xNormal analytic spaces [MSC 2020]$3VANC032306$2MF 610 $aAmenable C-semianalytic sets and irreducible components$9KW:K 610 $aArtin-Schreier theory$9KW:K 610 $aC-semianalytic sets$9KW:K 610 $aComplex analytic spaces$9KW:K 610 $aDivisors in C-analytic Sets$9KW:K 610 $aExcellent rings$9KW:K 610 $aGlobal semianalytic sets$9KW:K 610 $aInfinite sums of squares$9KW:K 610 $aIrreducible components$9KW:K 610 $aNormalization$9KW:K 610 $aNullstellensatz for Stein spaces and real analytic spaces$9KW:K 610 $aPfister's forms and matrices$9KW:K 610 $aPytagoras numbers$9KW:K 610 $aReal analytic spaces$9KW:K 610 $aStrict positive place theorem$9KW:K 620 $aCH$dCham$3VANL001889 700 1$aAcquistapace$bFrancesca$3VANV040042$041866 701 1$aBroglia$bFabrizio$3VANV042190$0439503 702 1$aFernando$bJosé F.$3VANV230736 712 $aSpringer $3VANV108073$4650 801 $aIT$bSOL$c20240802$gRICA 856 4 $uhttps://doi.org/10.1007/978-3-030-96666-9$zE-book ? Accesso al full-text attraverso riconoscimento IP di Ateneo, proxy e/o Shibboleth 899 $aBIBLIOTECA DEL DIPARTIMENTO DI MATEMATICA E FISICA$1IT-CE0120$2VAN08 912 $fN 912 $aVAN0278217 950 $aBIBLIOTECA DEL DIPARTIMENTO DI MATEMATICA E FISICA$d08CONS e-Book 8929 $e08eMF8929 20240701 996 $aTopics in Global Real Analytic Geometry$94165515 997 $aUNICAMPANIA